000 01103nam a22002777a 4500
001 6803
003 FISKH
005 20250528161218.0
008 250528b cb ||||| |||| 00| 0 eng d
020 _a9780857075680
040 _aFISKH
_beng
_cFISKH
_dFISKH
050 _aPZ7
082 _a823.92
100 _aRitchie, Alison
245 _aThe Dinosaur digger /
_cAlison Ritchie and Mike Byrne
260 _aLondon : S
_bimon and Schuster,
_c2013.
300 _a32 unnumbered pages :
_bcolor illustrations ;
_c24 cm
505 _aG
520 _aJack is an awesome mechanic whose workshop is unlike any other, when he drives through its magic doors he has thrilling adventures! Today Jack has to fix a digger, but when he takes it for a test drive he is transported into a land of dangerous dinosaurs. Will Jack be able to escape the terrible T-Rex in his dinosaur digger?
521 8 _a370
_bLexile estimate
521 8 _aG
_bRaz-Plus
650 _aConstruction
_vFiction
_xDinosaurs
_yPicture book
700 _aMike Byrne
_eillustrator
942 _2ddc
_cBK
_n0
999 _c6803
_d6803